| 000 | 01302nmc a2200457 a 4500 | ||
|---|---|---|---|
| 003 | AR-BaBNM | ||
| 005 | 20251128204049.0 | ||
| 008 | 216119s1975 ||||||||||||||000 | spa|| | ||
| 040 | _cAR-BaBNM | ||
| 100 | 1 | _aPraz, Mario | |
| 245 | 1 | 0 |
_aLa literatura inglesa _bde la Edad Media al iluminismo |
| 260 |
_aBuenos Aires _bLosada _c1975 |
||
| 300 | 0 | _a396 p. | |
| 490 | 0 | _aLas literaturas del mundo | |
| 500 | 0 | _aContiene referencias bibliográficas en p. 339 | |
| 500 | 0 | _aIndice de nombres en p. 389 | |
| 600 | 1 | 4 |
_aChaucer, Geoffrey _dca.1300-1400 |
| 600 | 1 | 4 |
_aMilton, John _d1608-1674 |
| 600 | 1 | 4 | _aShakespeare, William |
| 600 | 1 | 4 | _aSwift, Jonathan |
| 600 | 1 | 4 | _aPope, Alexander |
| 600 | 1 | 4 | _aDefoe, Daniel |
| 600 | 1 | 4 | _aSterne, Laurence |
| 650 | 4 | _aLITERATURA MEDIEVAL | |
| 650 | 4 | _aLITERATURA INGLESA | |
| 650 | 4 | _aPOESIA | |
| 650 | 4 | _aLITERATURA MODERNA | |
| 650 | 4 | _aRENACIMIENTO | |
| 650 | 4 | _aTEATRO | |
| 650 | 4 | _aLITERATURA EXTRANJERA | |
| 650 | 4 | _aCULTURAS LITERARIAS | |
| 653 | 0 | _aILUMINISMO | |
| 653 | 0 | _aNARRATIVA | |
| 655 | _aLITERATURA | ||
| 700 | 1 |
_aColdaroli, Carlos _etraductor |
|
| 800 | 1 |
_aBacchelli, Riccardo _edirector |
|
| 800 | 1 |
_aMacchia, Giovanni _edirector |
|
| 800 | 1 |
_aViscardi, Antonio _edirector |
|
| 942 | _cBK | ||
| 998 | _cMARTIN | ||
| 999 |
_c6020 _d6020 |
||